Statistics for NBA Players by First Name

Click here to take the quiz!

General Stats

  • This quiz has been taken 41 times
  • The average score is 14 of 20

Answer Stats

First Name Last Name % Correct
LeBronJames
100%
KobeBryant
100%
StephCurry
86%
KareemAbdul-Jabbar
84%
WiltChamberlain
81%
ScottiePippen
78%
KyrieIrving
76%
IsiahThomas
73%
KawhiLeonard
73%
DraymondGreen
68%
KlayThompson
68%
MosesMalone
65%
DirkNowitzki
62%
HakeemOlajuwon
62%
KembaWalker
62%
ReggieMiller
59%
DeMarDeRozan
59%
ManuGinobili
57%
DameLillard
46%
GiannisAntetokounmpo
35%

Score Distribution

Percentile by Number Answered

Percent of People with Each Score

Your Score History

You have not taken this quiz